20 Biggest Cities And Towns In Faroe Islands - Statistics

General Stats
  • This quiz has been taken 119 times
  • The average score is 10 of 20
Answer Stats
Rank Place Population % Correct
1 Tórshavn 13,506
100%
2 Klaksvík 4902
79%
8 Sørvágur 1135
57%
4 Argir 2239
55%
5 Fuglafjørður 1575
55%
6 Vágur 1351
55%
3 Hoyvík 4225
54%
9 Miðvágur 1130
52%
15 Tvøroyri 848
50%
7 Vestmanna 1245
48%
18 Eiði 691
46%
14 Toftir 864
46%
12 Sandavágur 956
45%
11 Leirvík 971
39%
16 Kollafjørður 816
38%
17 Skála 746
38%
10 Saltangará 1033
30%
13 Strendur 920
30%
20 Hvalba 607
25%
19 Norðragøta 659
14%
No matching quizzes found
Score Distribution
Percent of People with Each Score
Percentile by Number Answered
Your Score History
You have not taken this quiz